Candelario Obeso Una apuesta pedagógica, estética y social
Uloženo v:
| Hlavní autor: | |
|---|---|
| Další autoři: | , , , , |
| Médium: | Kniha |
| Jazyk: | English |
| Vydáno: |
Bogotá:
Editorial Jotamar
2011
|
| Edice: | Serie Investigación IDEP
7 |
| On-line přístup: | Para consultar en texto completo haga clic aquí: |
| Tagy: |
Přidat tag
Žádné tagy, Buďte první, kdo vytvoří štítek k tomuto záznamu!
|
MARC
| LEADER | 00000nam a22000007a 4500 | ||
|---|---|---|---|
| 003 | OSt | ||
| 005 | 20160927101704.0 | ||
| 008 | 160429b xxu||||| |||| 00| 0 eng d | ||
| 020 | |a 978-958-8780-00-9 | ||
| 040 | |c CO-BoIIE | ||
| 082 | |a Co861.6 |b Al256 | ||
| 100 | 1 | |9 40 |a Alemán Padilla, Máximo | |
| 245 | 1 | 0 | |a Candelario Obeso |b Una apuesta pedagógica, estética y social |c Máximo Alemán Padilla [el al.] |
| 260 | |a Bogotá: |b Editorial Jotamar |c 2011 | ||
| 300 | |a 459 p. | ||
| 490 | |a Serie Investigación IDEP |v 7 | ||
| 500 | |a Durante el año 2011 el IDEP desarrolló un proceso de investigación que se propuso realizar un análisis documental para identificar la mayor cantidad de textos escritos por Candelario Obeso, clasificarlos de acuerdo con su género literario y compilarlos en una publicación ampliada con textos de otros autores , tanto en su momento histórico como contemporaneos. | ||
| 650 | 1 | 4 | |2 Poesía Colombiana |
| 650 | 1 | 4 | |2 Vida cotidianas--Poesia |
| 700 | 1 | |9 41 |a Medrano, Moisés | |
| 700 | 1 | |9 42 |a Daniels G. Joce G. | |
| 700 | 1 | |9 43 |a Rovira, Raúl | |
| 700 | 1 | |9 44 |a Cáliz Villanueva, Orlando | |
| 700 | 1 | |9 45 |a Cabrales Jiménez, Luis Eduardo | |
| 856 | |u http://biblioteca.idep.edu.co/libros/Candelario_Obeso_Final.pdf |z Para consultar en texto completo haga clic aquí: | ||
| 942 | |2 ddc |c BK | ||
| 999 | |c 4324 |d 4324 | ||